000 00810nam a2200241Ia 4500
003 GCL
005 20240530103731.0
008 140319s9999 xx 000 0 ara d
040 _aGCL /
_cGCL
082 0 4 _a423.1
_bص ا
100 1 _aصديقة يوسف محمود
245 1 0 _aالصديق : قاموس عربى - انجليزى للمدرسة والمكتب والمنزل /
_cصديقة يوسف محمود
260 _aالقاهرة :
_bدار الكتاب المصرى ،
_c1989
300 _a384 ص ؛
_c16 سم
650 0 4 _aالمراجع
650 0 4 _aاللغة العربية
650 0 4 _aعربى\انجليزى
650 0 4 _aالمعاجم
650 0 4 _aاللغة الانجليزية
650 0 4 _aالقواميس
700 1 _aاحمد زكى بدوى
942 _2ddc
_cBK
999 _c42053
_d42053